| 000 -ლიდერი |
| ფიქსირებული სიგრძის საკონტროლო ველი |
00929nam a22002177a 4500 |
| 003 - საკონტროლო ნომრის იდენტიფიკატორი |
| საკონტროლო ველი |
Ge_BSU |
| 005 - ბოლო ოპერაციის თარიღი და დრო |
| საკონტროლო ველი |
20191125165046.0 |
| 008 - ფიქსირებული სიგრძის მონაცემთა ელემენტები - ზოგადი ინფორმაცია |
| ფიქსირებული სიგრძის საკონტროლო ველი |
191125s2019 ||||| |||| 00| 0 geo d |
| 020 ## - წიგნის საერთაშორისო სტანდარტული ნომერი |
| International Standard Book Number |
9789941816796 |
| 041 ## - ენის კოდი |
| Language code of text/sound track or separate title |
geo |
| 080 ## - უნივერსალური ათობითი კლასიფიკაციის ინდექსი |
| Universal Decimal Classification number |
373(479.223) ზ-78 |
| 100 ## - მთავარი ჩანაწერი - პიროვნების სახელი |
| Personal name |
ზოიძე, აკაკი |
| 9 (RLIN) |
2060 |
| 245 ## - ცნობა სათაურის შესახებ |
| Title |
სოფლის ჩირაღდანი : |
| Remainder of title |
ბრილის სკოლა-90 / |
| Statement of responsibility, etc |
აკაკი ზოიძე ; თემურ ზოიძე ; რედ. რამაზ სურმანიძე. |
| 264 ## - წარმოების, გამოცემის, დისტრიბუციის და სხვა ცნობები |
| გამოცემის, წარმოების, დისტრიბუციის... ადგილი |
თბილისი : |
| გამოცემის, წარმოების, დისტრიბუციის... სახელწოდება |
ივერიონი, |
| გამოცემის, წარმოების, დისტრიბუციის... თარიღი |
2019. |
| 300 ## - ფიზიკური აღწერა |
| Extent |
203 გვ .: |
| Dimensions |
ილ .; |
| Other physical details |
20 სმ. |
| 653 ## - INDEX TERM--UNCONTROLLED |
| Uncontrolled term |
ბრილის სკოლა |
| 653 ## - INDEX TERM--UNCONTROLLED |
| Uncontrolled term |
განათლება |
| 700 ## - ADDED ENTRY--PERSONAL NAME |
| Personal name |
ზოიძე, თემურ |
| 9 (RLIN) |
5570 |
| 700 ## - ADDED ENTRY--PERSONAL NAME |
| Personal name |
სურმანიძე,რამაზ |
| Relator term |
რედაქტორი |
| 9 (RLIN) |
5571 |
| 942 ## - ADDED ENTRY ELEMENTS (KOHA) |
| Source of classification or shelving scheme |
|
| Koha item type |
წიგნი |